000 00276nam a22001097a 4500
082 _a343.057
_bSTA
245 _aThe Stamp Act, 1899 (Bare Act) /
260 _aLahore :
_bKey Law Reports Publications,
_c2020.
300 _a107 p. ;
_c23 cm.
563 _aPBK.
942 _2ddc
_cBK
999 _c592429
_d592429